| 000 | 00438nam a2200109Ia 4500 | ||
|---|---|---|---|
| 008 | 160909s9999 xx 000 0 und d | ||
| 100 | _aArriaga Valenzuela, Luis | ||
| 245 | _aContributions of the Jesuits to Human Rights in Mexico: A Case Study of Center Miguel Agustin Pro Juarez | ||
| 260 |
_bLoyola Marymount University. _c2016 |
||
| 650 | _aHUMAN RESOURCE MANAGEMENT | ||
| 856 | _uhttp://pqdtopen.proquest.com/doc/1791131368.html?FMT=ABS | ||
| 999 |
_c304697 _d304697 |
||